00642nam a2200217Ia 450000500170000000800410001702000180005804000180007604100080009408200230010210000200012524500950014525000120024026000440025230000200029665000200031665000260033665000280036270000150039070000190040520220617112104.0210716s2011 xx 000 0 und d a9788131758229 cAIMIT LIBRARY aeng a005.7402 21bSTER aStephens, Ryan. aSams teach yourself SQL in one hour a day /cBy Rayan Stephens, Ron Plew and Arie D Jones. a1st ed. aNew Delhi :bPearson Education ,c2011. a814p. ;c23 cm. aDatabase design aDatabase manipulation aDatabase administration aPlew, Ron. aJones, Arie D.